| 000 | 00604cam a2200217u 4500 | ||
|---|---|---|---|
| 001 | 10311605 | ||
| 003 | ARRUPE | ||
| 005 | 20160913090002.0 | ||
| 008 | 811204s1961 enk 000 0 eng | ||
| 010 | _a 62006102 | ||
| 040 |
_aDLC _cCarP _dDLC |
||
| 043 | _af------ | ||
| 050 | 0 | 0 |
_aDT31 _b.P37 1961 |
| 100 | 1 |
_aPerham, Margery, _d1895-1982. _925625 |
|
| 245 | 1 | 4 |
_aThe colonial reckoning. _cMargery Perham |
| 260 |
_aLondon, _bCollins _c1961 |
||
| 300 |
_a160 p. _c21 cm. |
||
| 650 | 0 |
_aNationalism _zAfrica. _99483 |
|
| 906 |
_a0 _bcbc _cpremunv _du _encip _f19 _gy-gencatlg |
||
| 942 |
_2lcc _cMONOGRAPH |
||
| 999 |
_c125196 _d125196 |
||